000 00769nam0a22002531 4500
001 rc\4577705
005 20130416190910.7
021 _aRU
_b[68-99008]
035 _a(NLR Aleph) 008376883
090 _a9093108
_c9093108
100 _a20130416d1968 |||y0rusy50 ca
101 0 _arus
102 _aRU
105 _aa z |||a|
200 1 _aПротиворечия сердца
_eСтихи
_f[Ил.: Ю.М. Бунов]
210 _aЧелябинск
_cЮж.-Урал. кн. изд-во
_d1968
215 _a96 с.
_cил.
_d14
700 1 _aМашковцев
_bВ. И.
_f1929-
_gВладилен Иванович
702 1 _aБунов
_bЮ. М.
_4440
801 0 _aRU
_bNLR
_gpsbo
801 1 _aRU
_bELAR
_2rusmarc
852 _aNLR
_j69-1/18
942 _cBOOK
980 _aNB